000
00302nam a22001337a 4500
008
230629b xxu||||| |||| 00| 0 eng d
020
_a
0712112596
082
_a
346.04
_b
CUR
100
_c
L.B Curzon
245
_a
Land Law
260
_b
MAcdonald & Evans ltd
_c
1982
300
_a
292p
942
_2
ddc
_c
BK
999
_c
3107
_d
3107